Visualizzazione normale
Vista MARC
- Lamera Stefano
di Personal Name
Records bibliografici associati: 3
001 - CONTROL NUMBER
- control field: 176
003 - CONTROL NUMBER IDENTIFIER
- control field: IT-RoPau
005 - DATE AND TIME OF LATEST TRANSACTION
- control field: 20130116110511.0
008 - FIXED-LENGTH DATA ELEMENTS
- fixed length control field: 130116|| aca||aabn | a|a d
040 ## - CATALOGING SOURCE
- Original cataloging agency: IT-RoPau
- Transcribing agency: IT-RoPau
100 ## - HEADING--PERSONAL NAME
- Personal name: Lamera Stefano
670 ## - SOURCE DATA FOUND
- Source citation: Work cat.: (IT-RoPau): Lamera Stefano, Lo spirito di D. Timoteo Giaccardo , 1956